The reminders / Val Emmich.
Available copies
- 1 of 1 copy available at LARL/NWRL Consortium. (Show)
- 1 of 1 copy available at Northwest Regional Library.
Current holds
0 current holds with 1 total copy.
Show Only Available Copies
| Location | Call Number / Copy Notes | Barcode | Shelving Location | Status | Due Date |
|---|---|---|---|---|---|
| Roseau Public Library | EMM (Text) | 35500005881048 | Main | Available | - |
Record details
- ISBN: 9780316316996
- ISBN: 0316316997
- Physical Description: 310 pages : illustrations ; 25 cm
- Edition: First edition.
- Publisher: New York : Little, Brown and Company, 2017.
- Copyright: ©2017
Content descriptions
| Summary, etc.: | "What happens when a girl who can't forget ... Read More Grief-stricken over his partner Sydney's death, ... Read More |
Search for related items by subject
| Subject: | Photographic memory > Fiction. Loss (Psychology) > Fiction. Grief > Fiction. Loss (Psychology) > Fiction. Photographic memory > Fiction. Grief > Fiction. Gay couples > Fiction. |
| Genre: | Psychological fiction. |
| LDR | 02242cam a2200433Ii 4500 | ||
|---|---|---|---|
| 001 | 223355 | ||
| 003 | LARL_NWRL_CONSORTIUM | ||
| 005 | 20170607164538.0 | ||
| 008 | 170512t20172017nyua 000 1 eng d | ||
| 010 | . | ‡a 2016950823 | |
| 040 | . | ‡aTXN ‡beng ‡erda ‡cTXN ‡dOCLCO ‡dLEB ‡dSINLB ‡dZHB ‡dJAS ‡dINR ‡dOCLCQ ‡dIUK ‡dTXDRI ‡dILC ‡dYDX ‡dUAB ‡dOCO ‡dOCP ‡dOCLCO | |
| 020 | . | ‡a9780316316996 ‡q(hardcover) | |
| 020 | . | ‡a0316316997 ‡q(hardcover) | |
| 035 | . | ‡a(OCoLC)987000741 | |
| 082 | 0 | 4. | ‡a813/.6 ‡223 |
| 100 | 1 | . | ‡aEmmich, Val, ‡eauthor. ‡0(LARL_NWRL_CONSORTIUM)222175 |
| 245 | 1 | 4. | ‡aThe reminders / ‡cVal Emmich. |
| 250 | . | ‡aFirst edition. | |
| 264 | 1. | ‡aNew York : ‡bLittle, Brown and Company, ‡c2017. | |
| 264 | 4. | ‡c©2017 | |
| 300 | . | ‡a310 pages : ‡billustrations ; ‡c25 cm | |
| 336 | . | ‡atext ‡btxt ‡2rdacontent | |
| 337 | . | ‡aunmediated ‡bn ‡2rdamedia | |
| 338 | . | ‡avolume ‡bnc ‡2rdacarrier | |
| 520 | . | ‡a"What happens when a girl who can't forget befriends a man who's desperate to remember?"--Jacket. | |
| 520 | . | ‡aGrief-stricken over his partner Sydney's death, Gavin sets fire to every reminder in the couple's home before fleeing Los Angeles for New Jersey. There he hopes to find peace with the family of an old friend. Joan, the family's ten-year-old daughter, was born Highly Superior Autobiographical Memory, or HSAM: the rare ability to recall every day of her life in cinematic detail. She knew Sydney, and her uncanny mind contains startlingly vivid memories of him. In return for sharing her memories of Sydney, Gavin will help her win a songwriting contest she's convinced will make her unforgettable. But Joan's details about Sydney's final months force Gavin to question not only the purity of his past with Sydney but the course of his own immediate future. | |
| 650 | 0. | ‡aPhotographic memory ‡vFiction. | |
| 650 | 0. | ‡aLoss (Psychology) ‡vFiction. ‡0(LARL_NWRL_CONSORTIUM)165927 | |
| 650 | 0. | ‡aGrief ‡vFiction. ‡0(LARL_NWRL_CONSORTIUM)165491 | |
| 650 | 4. | ‡aLoss (Psychology) ‡vFiction. ‡0(LARL_NWRL_CONSORTIUM)165927 | |
| 650 | 4. | ‡aPhotographic memory ‡vFiction. | |
| 650 | 4. | ‡aGrief ‡vFiction. ‡0(LARL_NWRL_CONSORTIUM)165491 | |
| 650 | 0. | ‡aGay couples ‡vFiction. | |
| 655 | 7. | ‡aPsychological fiction. ‡2lcgft | |
| 901 | . | ‡a223355 ‡bOCoLC ‡c223355 ‡tbiblio ‡soclc | |

Add to basket
Permalink
Disable Highlighting